Textos recobrados: 1931-1955
Gespeichert in:
| 1. Verfasser: | |
|---|---|
| Format: | Buch |
| Sprache: | Spanisch |
| Veröffentlicht: |
Buenos Aires
Emecé
2001
|
| Schlagworte: | |
| Tags: |
Tag hinzufügen
Keine Tags, Fügen Sie den ersten Tag hinzu!
|
MARC
| LEADER | 00000nam a2200000 a 4500 | ||
|---|---|---|---|
| 001 | UCM6673 | ||
| 003 | CL-VaPUC | ||
| 008 | 021122e20011000AG |||||||||||||||||spa|d | ||
| 082 | 0 | 4 | |a Ar860 |b BOR |2 21 |
| 100 | |a Borges, Jorge Luis |e autor |9 322093 | ||
| 245 | 1 | 0 | |a Textos recobrados: 1931-1955 |
| 300 | |a 405 p | ||
| 942 | |c BK | ||
| 945 | |d 20021122 00:00:00 |a vberengu | ||
| 260 | |a Buenos Aires |b Emecé |c 2001 | ||
| 650 | 0 | |a Poesía argentina |9 265575 | |
| 650 | 0 | |a Ensayos argentinos |9 269128 | |
| 650 | 7 | |a PROSA ARGENTINA |2 CL-VaPUC |9 320595 | |
| 583 | |a last modification |c 20021122 00:00:00 |k Rodrigo Vera | ||
| 999 | |c 301908 |d 301906 | ||
| 952 | |0 0 |1 0 |4 0 |6 AR_860_000000000000000_BOR_2001 |7 0 |8 A |9 361713 |a FDOPOS |b BIBEDU |d 2019-11-21 |i 3832392 |l 1 |o Ar860 BOR 2001 |p 3832392 |r 2025-01-22 |s 2022-08-11 |w 2019-11-21 |y BK |k MLH | ||